Vai trò của đảng cầm quyền đối với chính phủ Hoa Kỳ
Zapisane w:
| 1. autor: | |
|---|---|
| Format: | Nieznany |
| Język: | Vietnamese |
| Wydane: |
Khoa QTH
2010
|
| Hasła przedmiotowe: | |
| Etykiety: |
Dodaj etykietę
Nie ma etykietki, Dołącz pierwszą etykiete!
|
| Thư viện lưu trữ: | Mạng thư viện Đại học Đà Nẵng |
|---|
| LEADER | 00921na a2200289 4500 | ||
|---|---|---|---|
| 001 | 000032084 | ||
| 003 | 8069 | ||
| 005 | 20151014000000.0 | ||
| 008 | 151001s2010 000 vie | ||
| 041 | |a vie | ||
| 082 | |a 959.73 |b ĐĂ-TH | ||
| 100 | |a Đặng Thị Phương Thùy | ||
| 245 | |a Vai trò của đảng cầm quyền đối với chính phủ Hoa Kỳ |c Đặng Thị Phương Thùy | ||
| 260 | |a Khoa QTH |c 2010 | ||
| 300 | |a 72tr. : mh ; 30cm | ||
| 650 | |a 2010, Đặng Thị Phương Thùy, Khoa QTH, xã hội, nhân dân, chính phủ mỹ, | ||
| 852 | |b Chuyên đề |c Luận văn sinh viên 1 | ||
| OWN | |a LNN | ||
| 999 | |a From the UDN01 | ||
| TYP | |a Printed language | ||
| 980 | |a Mạng thư viện Đại học Đà Nẵng | ||